00521nmm a2200157Ia 4500008004100000041000800041100002500049245008500074264006900159300001800228490001300246650002900259856005100288942000700339999001700346251105s9999||||xx |||||||||||||||||und|| aspa aMaceiras Rey, Carmen 0aLas niñas abandonadas. La Inclusa de Madrid y el Colegio de la Paz (1807-1934) a[Madrid, España] :bPrensas Universitarias de Zaragoza, c2020 a410 páginas aEstudios aHistory of Europe: Spain uhttps://public.digitaliapublishing.com/a/70145 cCF c99315d99315